Golden Boot winners - Europe’s Top 5 Leagues - Statistics

General Stats
  • This quiz has been taken 989 times
    905 since last reset
  • The average score is 24 of 71
Answer Stats
Answer % Correct
Cristiano Ronaldo
98%
Lionel Messi
98%
Ronaldo
97%
Mohamed Salah
92%
Robert Lewandowski
91%
Luis Suárez
88%
Kylian Mbappé
87%
Harry Kane
86%
Sergio Agüero
79%
Sadio Mané
76%
Zlatan Ibrahimović
76%
Thierry Henry
72%
Edinson Cavani
70%
Pierre-Emerick Aubameyang
67%
Didier Drogba
65%
Robin van Persie
64%
Ciro Immobile
56%
Gonzalo Higuaín
53%
Carlos Tevez
49%
Raúl
48%
Samuel Eto’o
48%
Karim Benzema
47%
Ruud van Nistelrooy
46%
Alessandro Del Piero
42%
Mário Gomez
41%
Miroslav Klose
40%
Francesco Totti
39%
Edin Džeko
37%
Olivier Giroud
37%
Diego Forlán
36%
Andriy Shevchenko
35%
Nicolas Anelka
34%
Luca Toni
30%
Alexandre Lacazette
29%
Mauro Icardi
28%
Fabio Quagliarella
26%
Antonio Di Natale
22%
Hernán Crespo
22%
David Trezeguet
21%
Jimmy Floyd Hasselbaink
20%
Christian Vieri
17%
Roy Makaay
15%
Kevin Phillips
14%
Grafite
13%
Klaas-Jan Huntelaar
13%
Pauleta
12%
Giovane Élber
11%
Alexander Meier
9%
André-Pierre Gignac
8%
Dani Güiza
8%
Dimitar Berbatov
8%
Djibril Cissé
8%
Nenê
8%
Stefan Kießling
7%
Aílton
6%
Mamadou Niang
6%
Sonny Anderson
6%
Diego Tristán
5%
Moussa Sow
5%
Ebbe Sand
4%
Martin Max
4%
Shabani Nonda
4%
Theofanis Gekas
4%
Alexander Frei
3%
Cristiano Lucarelli
3%
Darío Hübner
3%
Márcio Amoroso
3%
Marek Mintál
3%
Salva Ballesta
3%
Sergej Barbarez
2%
Thomas Christiansen
2%
No matching quizzes found
Score Distribution
Percent of People with Each Score
Percentile by Number Answered
Your Score History
You have not taken this quiz since the last reset